000 01218cam a22003737a 4500
003 CHAP
005 20220329142527.0
008 010906d1999 uk r 00110 eng d
010 _a84582
011 _a85554
020 _a063205297X
035 _a96087
040 _cCHAP
082 0 4 _a632.7
_bA5
100 0 0 _aAlford, David V.
_93943
245 1 2 _aA texbook of agricultural entomology
_c/by David V. Alford
260 _aOxford:
_bBlackwell Science,
_c1999.
300 _a314 p. :
_bilus.
590 _aBATCH-UPD
_b10
_c20130109
_lUCH01
_h2342
590 _aBATCH-UPD
_b10
_c20130110
_lUCH01
_h0638
590 _aBATCH-UPD
_b10
_c20130409
_lUCH01
_h1911
590 _aBATCH-UPD
_b10
_c20130410
_lUCH01
_h0322
590 _aBATCH-UPD
_b10
_c20130914
_lUCH01
_h0027
590 _aCONVERSION
_b10
_c20130109
_lUCH01
_h1347
650 1 4 _aAgricultura
_xPlagas.
_91764
650 1 4 _aEntomología económica.
_937145
650 1 4 _aInsectos
_xAnatomía y fisiología.
_958891
650 1 4 _aInsectos
_xControl.
_958908
650 1 4 _aPesticidas
_xEfecto en insectos.
_987550
901 _aBK
905 _aMayto Villalobos S.
942 _cLIBRO
949 _a632.7 A5
_bBC
_cLIBRO
_d33724000837811
_eLIBRO
_h100858
_i96087
_si
_t$384.00
999 _c84582
_d84582